000 00454nam a2200169Ia 4500
003 GCL
008 140319s9999 xx 000 0 ara d
040 _aGCL /
_cGCL
082 0 4 _aط
_b371.1
_bش ص
100 1 _aشفيق مهدى
245 1 0 _aصديقنا العزيز /
_cشفيق مهدى
490 _aسلسلة البراعم
_v0
650 0 4 _aالاطفال
650 0 4 _aتعليم الاطفال
650 0 4 _aالمرور
942 _2ddc
_cBK
999 _c44772
_d44772